[Event "Kramniks Defense Pt. 1 "]
[Site "SchemingMind.com"]
[Date "2007.01.29"]
[Round "-"]
[White "dumix"]
[Black "markjburden"]
[Result "1-0"]
[WhiteCountry "INT"]
[BlackCountry "GBR"]
[WhiteElo "1990"]
[WhiteRD "104"]
[BlackElo "1732"]
[BlackRD "59"]
[GameID "89094"]

1. e4 e5 2. Nf3 Nf6 3. Nxe5 d6 4. Nf3 Bg4 5. h3 Bh5 6. Nc3 Nbd7 7. d4 Bg6 8. Bd3 Qe7 9. O-O O-O-O 10. Re1 Bh5
11. g4 Bg6 12. e5 dxe5 13. dxe5 Ne8 14. Bg5 f6 15. exf6 Qc5 16. fxg7 Bxg7 17. Bxd8 Kxd8 18. Bxg6 hxg6 19. Qd3 Nd6 20. Qxg6 Bxc3
21. bxc3 Qxc3 22. Ng5 Kc8 23. Rad1 Nc5 24. Re7 Rd8 25. Ne6 Nxe6 26. Qxe6+
1-0

[Event "Kramniks Defense Pt. 1 "]
[Site "SchemingMind.com"]
[Date "2007.01.28"]
[Round "-"]
[White "dumix"]
[Black "Dr_Pat"]
[Result "1-0"]
[WhiteCountry "INT"]
[BlackCountry "USA"]
[WhiteElo "1990"]
[WhiteRD "104"]
[BlackElo "1519"]
[BlackRD "49"]
[GameID "89095"]

1. e4 e5 2. Nf3 Nf6 3. Nxe5 d6 4. Nf3 Nxe4 5. d4 d5 6. Bd3 Bd6 7. O-O O-O 8. c4 c6 9. Nc3 Nxc3 10. bxc3 Bg4
11. cxd5 cxd5 12. Rb1 b6 13. Rb5 Bc7 14. h3 Bxf3 15. Qxf3 Qd6 16. g3 Nd7 17. Rxd5 Qe6 18. Bf5 Qc6 19. Bxd7 Qc4 20. Rh5 g6
21. Bh6 gxh5 22. Qf6
1-0

[Event "Kramniks Defense Pt. 1 "]
[Site "SchemingMind.com"]
[Date "2007.01.30"]
[Round "-"]
[White "dumix"]
[Black "solmash"]
[Result "1-0"]
[WhiteCountry "INT"]
[BlackCountry "PHI"]
[WhiteElo "2057"]
[WhiteRD "91"]
[BlackElo "1571"]
[BlackRD "71"]
[GameID "89096"]

1. e4 e5 2. Nf3 Nf6 3. Nxe5 Nc6 4. Nxc6 bxc6 5. e5 Nd5 6. d4 Be7 7. Qg4 O-O 8. Bh6 g6 9. Bxf8 Qxf8 10. Bc4 d6
11. Qe2 Be6 12. Nd2 Rb8 13. Bb3 Nf4 14. Qf3 Nd5 15. c4 Nb4 16. a3 Na6 17. Qxc6 Rb6 18. Qa4 Qc8 19. c5 dxc5 20. d5 Bd7
21. Qe4 Bg5 22. f4 Bf5 23. Qc4 Bh6 24. O-O Nb8 25. Qxc5 Qb7 26. Qc4 c6 27. Rac1 cxd5 28. Qxd5 Rxb3 29. Qxb3
1-0

[Event "Kramniks Defense Pt. 1 "]
[Site "SchemingMind.com"]
[Date "2007.02.01"]
[Round "-"]
[White "dumix"]
[Black "tacticrules"]
[Result "1-0"]
[WhiteCountry "INT"]
[BlackCountry "GER"]
[WhiteElo "2057"]
[WhiteRD "91"]
[BlackElo "1577"]
[BlackRD "50"]
[GameID "89097"]

1. e4 e5 2. Nf3 Nf6 3. d4 Nxe4 4. Bd3 d5 5. Nxe5 Nd7 6. Qe2 Nxe5 7. Bxe4 dxe4 8. Qxe4 Qe7 9. dxe5 f6 10. Bf4 fxe5
11. Bxe5 Qb4+ 12. Qxb4 Bxb4+ 13. c3 Bd6 14. Bxd6 cxd6 15. Na3 Bd7 16. O-O-O Bc6 17. Rxd6 Ke7 18. Rd2 Rad8 19. Re1+ Kf7 20. Rxd8 Rxd8
21. f3 Re8 22. Rxe8 Kxe8 23. c4 Ke7 24. Nb5 Bxb5 25. cxb5 Kd6 26. Kc2 Kc5 27. a4 Kb4 28. b3 b6 29. f4 Kc5 30. g4 Kd4
31. f5 Ke4 32. h3 Kf3 33. Kd3 Kg3 34. g5 Kxh3 35. f6
1-0

[Event "Kramniks Defense Pt. 1 "]
[Site "SchemingMind.com"]
[Date "2007.02.01"]
[Round "-"]
[White "dumix"]
[Black "Adunatos"]
[Result "1/2-1/2"]
[WhiteCountry "INT"]
[BlackCountry "NED"]
[WhiteElo "2054"]
[WhiteRD "94"]
[BlackElo "2214"]
[BlackRD "66"]
[GameID "89098"]

1. e4 e5 2. Nf3 Nf6 3. d4 Nxe4 4. Bd3 Nc6 5. Nxe5 Nxe5 6. dxe5 d5 7. O-O Nc5 8. Be2 Be7 9. Be3 O-O 10. c4 dxc4
11. Bxc4 Nd7 12. e6 fxe6 13. Bxe6+ Kh8 14. Nc3 Nc5 15. Bxc8 Qxc8 16. Nd5 Bd6 17. Rc1 b6 18. b4 Nb7 19. Qa4 c5 20. b5 Qe8
21. Rfd1 Na5 22. Rd2 Qh5 23. h3 Rae8 24. Qd1 Qxd1+ 25. Rdxd1 Bb8 26. Rc2 Nb7 27. a4 Kg8 28. f3 Nd6 29. Bf2 Re6 30. Nc3 Nf5
31. Kf1 Re3 32. Rd7 Ng3+ 33. Bxg3 Bxg3 34. Ne2 Bb8 35. Kf2 Rfe8 36. Nc3 R3e7 37. Rd5 Be5 38. Ne4 Kf7 39. Re2=
1/2-1/2

[Event "Kramniks Defense Pt. 1 "]
[Site "SchemingMind.com"]
[Date "2007.02.02"]
[Round "-"]
[White "dinoladetto"]
[Black "dumix"]
[Result "0-1"]
[WhiteCountry "ITA"]
[BlackCountry "INT"]
[WhiteElo "1659"]
[WhiteRD "75"]
[BlackElo "1990"]
[BlackRD "104"]
[GameID "89099"]

1. e4 e5 2. Nf3 Nf6 3. Nxe5 d6 4. Nf3 Nxe4 5. d4 d5 6. Bd3 Be7 7. O-O Nc6 8. c4 Nf6 9. Re1 O-O 10. Nc3 dxc4
11. Bxc4 Bg4 12. d5 Na5 13. Be2 Bb4 14. Bg5 Bxc3 15. bxc3 Qxd5 16. Bxf6 Qxd1 17. Raxd1 gxf6 18. Nd4 Bxe2 19. Rxe2 Rfd8 20. Rde1 Kf8
21. Nf5 Nc4 22. Re7 Re8 23. f3 Rxe7 24. Rxe7 Nd6 25. Rxc7 Nxf5 26. Rxb7 Ne3 27. Kf2 Nd1+ 28. Ke1 Nxc3 29. a3 a6 30. Kd2 Nb5
31. a4 Rd8+ 32. Ke1 Nc3 33. Rb6 a5 34. Ra6 Rd5 35. Rxf6 Nxa4 36. Ra6 Nc3 37. Kf2 a4 38. g4 Rd3 39. h4 a3 40. f4 a2
41. g5 Rd1 42. f5 a1=Q 43. Rxa1 Rxa1 44. Ke3 Rh1 45. Kd4 Na4 46. Ke5 Rxh4 47. Kf6 Re4 48. g6 hxg6 49. fxg6 fxg6
0-1

[Event "Kramniks Defense Pt. 1 "]
[Site "SchemingMind.com"]
[Date "2007.01.28"]
[Round "-"]
[White "markjburden"]
[Black "dumix"]
[Result "0-1"]
[WhiteCountry "GBR"]
[BlackCountry "INT"]
[WhiteElo "1748"]
[WhiteRD "61"]
[BlackElo "2054"]
[BlackRD "94"]
[GameID "89100"]

1. e4 e5 2. Nf3 Nf6 3. d4 Nxe4 4. Bd3 d5 5. Nxe5 Nd7 6. Bf4 Qf6 7. Qf3 Bd6 8. Bxe4 Nxe5 9. Bxe5 Bxe5 10. dxe5 Qxe5
11. Nc3 dxe4 12. Qxe4 Qxe4+ 13. Nxe4 Bd7 14. O-O-O O-O-O 15. Ng5 Rde8 16. Rhe1 f6 17. Ne4 Bc6 18. Nc3 h5 19. f3 g5 20. b4 f5
21. Ne2 h4 22. Nd4 Bd7 23. c4 f4 24. Kd2 h3 25. Rxe8+ Rxe8 26. Rg1 Re5 27. c5 c6 28. gxh3 Bxh3 29. Re1 Rxe1 30. Kxe1 Kd7
31. Kd2 Ke7 32. a4 Kf6 33. Nb3 Ke5 34. Na5 Bc8 35. Nc4+ Kd4 36. Nd6 Be6 37. Ne4 g4 38. Ng5 Bf5 39. fxg4 Bxg4 40. h3 Bf5
41. Ke2 Kc4 42. Kf3 Bc2 43. h4 Bxa4 44. Kxf4 Bd1 45. Ne4 Kxb4 46. Nf2 Be2 47. Ng4 a5 48. h5 a4 49. h6 Bd3 50. Nf6 a3
0-1

[Event "Kramniks Defense Pt. 1 "]
[Site "SchemingMind.com"]
[Date "2007.01.28"]
[Round "-"]
[White "Dr_Pat"]
[Black "dumix"]
[Result "0-1"]
[WhiteCountry "USA"]
[BlackCountry "INT"]
[WhiteElo "1519"]
[WhiteRD "49"]
[BlackElo "1990"]
[BlackRD "104"]
[GameID "89101"]

1. e4 e5 2. Nf3 Nf6 3. Nxe5 d6 4. Nf3 Nxe4 5. d4 d5 6. Nbd2 Bd6 7. Bd3 O-O 8. O-O f5 9. c4 c6 10. Qb3 Nf6
11. c5 Bc7 12. Re1 Nh5 13. g3 Nf6 14. Nh4 f4 15. Ndf3 fxg3 16. hxg3 Ba5 17. Bd2 Bxd2 18. Nxd2 b6 19. Ndf3 Qc7 20. Ng5 bxc5
21. dxc5 h6 22. Ne6 Bxe6 23. Rxe6 Nbd7 24. Qc2 Rae8 25. Rxe8 Rxe8 26. Bg6 Rb8 27. b3 Rb5 28. a4 Rxc5 29. Qf5 Qe5 30. Bh7+ Nxh7
31. Qxd7 Qxa1+
0-1

[Event "Kramniks Defense Pt. 1 "]
[Site "SchemingMind.com"]
[Date "2007.02.01"]
[Round "-"]
[White "solmash"]
[Black "dumix"]
[Result "0-1"]
[WhiteCountry "PHI"]
[BlackCountry "INT"]
[WhiteElo "1546"]
[WhiteRD "74"]
[BlackElo "2054"]
[BlackRD "94"]
[GameID "89102"]

1. e4 e5 2. Nf3 Nf6 3. d3 Nc6 4. g3 d5 5. Bg2 dxe4 6. dxe4 Qxd1+ 7. Kxd1 Ng4 8. Be3 Nxe3+ 9. fxe3 Bc5 10. Ke2 Be6
11. Nc3 O-O-O 12. Rhd1 Bd6 13. Rd3 Bc4 14. b3 Bxd3+ 15. cxd3 f6 16. Bh3+ Kb8 17. Nd5 Ne7 18. Nc3 Ba3 19. Nb5 Bb4 20. a4 a5
21. Rc1 c6 22. d4 cxb5 23. axb5 Nc8 24. d5 Nd6 25. Kd3 f5 26. exf5 e4+
0-1

[Event "Kramniks Defense Pt. 1 "]
[Site "SchemingMind.com"]
[Date "2007.02.01"]
[Round "-"]
[White "tacticrules"]
[Black "dumix"]
[Result "0-1"]
[WhiteCountry "GER"]
[BlackCountry "INT"]
[WhiteElo "1554"]
[WhiteRD "51"]
[BlackElo "2054"]
[BlackRD "94"]
[GameID "89103"]

1. e4 e5 2. Nf3 Nf6 3. Nxe5 d6 4. Nf3 Nxe4 5. d4 d5 6. Bd3 Nc6 7. O-O Be7 8. c4 Nb4 9. Be2 O-O 10. Nc3 Bf5
11. a3 Nxc3 12. bxc3 Nc6 13. Bf4 dxc4 14. Bxc4 Bd6 15. Bxd6 cxd6 16. Bd3 Bg4 17. h3 Bh5 18. Re1 Qa5 19. Qc2 Bxf3 20. gxf3 Rac8
21. Bxh7+ Kh8 22. Be4 d5 23. Bd3 Nxd4 24. Qb1 Nxf3+ 25. Kg2 Nxe1+ 26. Qxe1 Rxc3 27. Rc1 d4
0-1

[Event "Kramniks Defense Pt. 1 "]
[Site "SchemingMind.com"]
[Date "2007.01.28"]
[Round "-"]
[White "Adunatos"]
[Black "dumix"]
[Result "1/2-1/2"]
[WhiteCountry "NED"]
[BlackCountry "INT"]
[WhiteElo "2189"]
[WhiteRD "69"]
[BlackElo "1990"]
[BlackRD "104"]
[GameID "89104"]

1. e4 e5 2. Nf3 Nf6 3. Nxe5 d6 4. Nf3 Nxe4 5. d4 d5 6. Bd3 Be7 7. O-O Nc6 8. Re1 Bg4 9. c4 Nf6 10. cxd5 Nxd5
11. Nc3 O-O 12. h3 Be6 13. Be4 h6 14. Ne5 Nxe5 15. dxe5 Nxc3 16. bxc3 Qxd1 17. Rxd1 Rad8 18. Be3 b6 19. f4 f5 20. Bc6 Kf7
21. Kf2 a5 22. g3=
1/2-1/2

[Event "Kramniks Defense Pt. 1 "]
[Site "SchemingMind.com"]
[Date "2007.02.01"]
[Round "-"]
[White "cdevos"]
[Black "dinoladetto"]
[Result "1-0"]
[WhiteCountry "NED"]
[BlackCountry "ITA"]
[WhiteElo "1563"]
[WhiteRD "74"]
[BlackElo "1659"]
[BlackRD "75"]
[GameID "89492"]

1. e4 e5 2. Nf3 Nf6 3. Nc3 Nc6 4. d4 d6 5. d5 Ne7 6. h3 g6 7. Bg5 Bg7 8. Nh4 c6 9. Qf3 O-O 10. Bxf6 Bxf6
11. Qxf6 cxd5 12. Nxd5 Nxd5 13. Qxd8 Rxd8 14. exd5 a6 15. f3 b5 16. Bd3 Bb7 17. Be4 f5 18. Bxf5 gxf5 19. Nxf5 Bxd5 20. Ne7+ Kf7
21. Nxd5 Rac8 22. c3 Rc5 23. O-O-O Ke6 24. f4 e4 25. Rhe1 Kf5 26. g4+ Ke6 27. Rxe4+ Kf7 28. Re7+
1-0

[Event "Kramniks Defense Pt. 1 "]
[Site "SchemingMind.com"]
[Date "2007.01.31"]
[Round "-"]
[White "cdevos"]
[Black "markjburden"]
[Result "0-1"]
[WhiteCountry "NED"]
[BlackCountry "GBR"]
[WhiteElo "1563"]
[WhiteRD "74"]
[BlackElo "1732"]
[BlackRD "59"]
[GameID "89493"]

1. e4 e5 2. Nf3 Nf6 3. Nc3 Bb4 4. d3 O-O 5. Bd2 Nc6 6. a3 Ba5 7. Be2 a6 8. b4 Bb6 9. h4 h6 10. Rg1 d6
11. Nh2 d5 12. g4 dxe4 13. dxe4 Qd4 14. Rg2 Nxe4 15. Nxe4 Qxe4 16. Nf3 Bxg4 17. Be3 Bxe3 18. fxe3 Rad8 19. Bd3 Qxe3+ 20. Qe2 Qf4
21. Qe4 Rxd3 22. Rxg4 Re3+
0-1

[Event "Kramniks Defense Pt. 1 "]
[Site "SchemingMind.com"]
[Date "2007.01.30"]
[Round "-"]
[White "cdevos"]
[Black "Dr_Pat"]
[Result "0-1"]
[WhiteCountry "NED"]
[BlackCountry "USA"]
[WhiteElo "1563"]
[WhiteRD "74"]
[BlackElo "1519"]
[BlackRD "49"]
[GameID "89494"]

1. e4 e5 2. Nf3 Nf6 3. d4 Nxe4 4. Nxe5 d6 5. Nxf7 Kxf7 6. Bc4+ Ke8 7. Qe2 Qe7 8. O-O Nc6 9. Re1 Bf5 10. f3 Nxd4
11. Qd3 Qh4 12. Rxe4+ Bxe4 13. Qxe4+ Qxe4 14. fxe4 Nxc2 15. b3 Nxa1 16. Na3 c6 17. Bb2 b5 18. Nxb5 cxb5 19. Bxb5+ Kd8 20. Bxa1 a6
21. Bc4 Ra7 22. Bd4 Ra8 23. a4 a5 24. Kf2 Kd7 25. Ke3 h5 26. Kf4 Rh6 27. Kf5 g6+ 28. Kg5 h4 29. Kf6 Be7+ 30. Kg7 Bf8+
31. Kf7 g5 32. Bb5+ Kc7 33. Be8 Rh7+ 34. Kxf8 h3 35. Bg7 hxg2
0-1

[Event "Kramniks Defense Pt. 1 "]
[Site "SchemingMind.com"]
[Date "2007.02.04"]
[Round "-"]
[White "cdevos"]
[Black "solmash"]
[Result "0-1"]
[WhiteCountry "NED"]
[BlackCountry "PHI"]
[WhiteElo "1474"]
[WhiteRD "70"]
[BlackElo "1571"]
[BlackRD "71"]
[GameID "89495"]

1. e4 e5 2. Nf3 Nf6 3. Nc3 Nc6 4. Bc4 Bd6 5. d3 O-O 6. g4 h6 7. g5 hxg5 8. Nxg5 Bb4 9. h4 Nd4 10. a3 Bxc3+
11. bxc3 Ne6 12. h5 Nh7 13. h6 Nexg5 14. Qh5 Qf6
0-1

[Event "Kramniks Defense Pt. 1 "]
[Site "SchemingMind.com"]
[Date "2007.01.30"]
[Round "-"]
[White "cdevos"]
[Black "tacticrules"]
[Result "1-0"]
[WhiteCountry "NED"]
[BlackCountry "GER"]
[WhiteElo "1563"]
[WhiteRD "74"]
[BlackElo "1573"]
[BlackRD "53"]
[GameID "89496"]

1. e4 e5 2. Nf3 Nf6 3. Nc3 Nc6 4. Bc4 Bb4 5. Ng5 O-O 6. Nd5 h6 7. Nxf6+ gxf6 8. Nh3 d6 9. c3 Ba5 10. d3 Bxh3
11. Qh5 Be6 12. Bxh6 Re8 13. Bxe6 fxe6 14. Qg6+
1-0

[Event "Kramniks Defense Pt. 1 "]
[Site "SchemingMind.com"]
[Date "2007.02.01"]
[Round "-"]
[White "cdevos"]
[Black "dumix"]
[Result "0-1"]
[WhiteCountry "NED"]
[BlackCountry "INT"]
[WhiteElo "1563"]
[WhiteRD "74"]
[BlackElo "1990"]
[BlackRD "104"]
[GameID "89497"]

1. e4 e5 2. Nf3 Nf6 3. Bc4 Nc6 4. Ng5 d5 5. exd5 Na5 6. d3 h6 7. Nf3 e4 8. Qe2 Nxc4 9. dxc4 Bc5 10. Nc3 O-O
11. Ne5 Bd4 12. f4 exf3 13. gxf3 Re8 14. Bf4 Nh5 15. Qe4 Qh4+ 16. Bg3 Bxc3+ 17. bxc3 Qxe4+ 18. fxe4 Nxg3 19. hxg3 Rxe5 20. O-O-O Rxe4
21. d6 cxd6 22. Rxd6 Be6 23. Rd4 Rxd4 24. cxd4 Bxc4 25. Rd1 Bxa2 26. Kb2 Bd5 27. Kc3 a5 28. Kd3 b5 29. c3 a4 30. Rc1 a3
31. Kc2 a2 32. Kb2 a1=Q+ 33. Rxa1 Rxa1 34. Kxa1 g5 35. Kb2 h5 36. Kc2 h4
0-1

[Event "Kramniks Defense Pt. 1 "]
[Site "SchemingMind.com"]
[Date "2007.01.30"]
[Round "-"]
[White "cdevos"]
[Black "Adunatos"]
[Result "0-1"]
[WhiteCountry "NED"]
[BlackCountry "NED"]
[WhiteElo "1563"]
[WhiteRD "74"]
[BlackElo "2189"]
[BlackRD "69"]
[GameID "89498"]

1. e4 e5 2. Nf3 Nf6 3. Bc4 Nc6 4. Ng5 d5 5. exd5 Na5 6. c3 Nxc4 7. Qa4+ Nd7 8. Qxc4 Qxg5 9. O-O Bd6 10. Qe2 O-O
11. d3 Qg6 12. Be3 Nf6 13. Nd2 Bf5 14. f3 Bxd3 15. Qf2 Bxf1 16. Kxf1 Qd3+ 17. Qe2 Qxe2+ 18. Kxe2 Nxd5 19. Ne4 Nxe3 20. Kxe3 f5
21. Nxd6 cxd6 22. Rd1 Rf6 23. g3 Re8 24. Kf2 b5 25. b4 Rc8 26. Rd3 e4 27. Re3 d5
0-1

[Event "Kramniks Defense Pt. 1 "]
[Site "SchemingMind.com"]
[Date "2007.02.01"]
[Round "-"]
[White "dinoladetto"]
[Black "cdevos"]
[Result "0-1"]
[WhiteCountry "ITA"]
[BlackCountry "NED"]
[WhiteElo "1659"]
[WhiteRD "75"]
[BlackElo "1563"]
[BlackRD "74"]
[GameID "89499"]

1. e4 e5 2. Nf3 Nf6 3. Nxe5 d5 4. d4 c5 5. Bg5 dxe4 6. Bc4 Be6 7. Bxe6 fxe6 8. Nc3 cxd4 9. Nxe4 Qa5+ 10. Qd2 Qxe5
11. O-O-O Nxe4 12. Bf4 Qf6
0-1

[Event "Kramniks Defense Pt. 1 "]
[Site "SchemingMind.com"]
[Date "2007.01.31"]
[Round "-"]
[White "markjburden"]
[Black "cdevos"]
[Result "1-0"]
[WhiteCountry "GBR"]
[BlackCountry "NED"]
[WhiteElo "1732"]
[WhiteRD "59"]
[BlackElo "1563"]
[BlackRD "74"]
[GameID "89500"]

1. e4 e5 2. Nf3 Nf6 3. d4 c5 4. dxe5 Nxe4 5. Bd3 f5 6. Nbd2 Qa5 7. O-O Nxd2 8. Bxd2 Qb6 9. Bc3 d5 10. exd6 Bxd6
11. Qe2+ Be7 12. Rfe1 Be6 13. Bb5+ Nc6 14. Bxg7 Bd5 15. Bxc6+
1-0

[Event "Kramniks Defense Pt. 1 "]
[Site "SchemingMind.com"]
[Date "2007.01.30"]
[Round "-"]
[White "Dr_Pat"]
[Black "cdevos"]
[Result "1-0"]
[WhiteCountry "USA"]
[BlackCountry "NED"]
[WhiteElo "1519"]
[WhiteRD "49"]
[BlackElo "1563"]
[BlackRD "74"]
[GameID "89501"]

1. e4 e5 2. Nf3 Nf6 3. Nxe5 Qe7 4. d4 d6 5. Nf3 Nxe4 6. Be3 g5 7. Bd3 g4 8. Nfd2 d5 9. O-O Rg8 10. Re1 f5
11. c4 g3 12. hxg3 Kd8 13. cxd5 Nxg3 14. fxg3 Rxg3 15. Nc3 Qh4 16. Bf2 Bd6 17. Bxg3 Bxg3 18. Nf3 Bf2+ 19. Kf1 Qg3 20. Qe2
1-0

[Event "Kramniks Defense Pt. 1 "]
[Site "SchemingMind.com"]
[Date "2007.02.04"]
[Round "-"]
[White "solmash"]
[Black "cdevos"]
[Result "1-0"]
[WhiteCountry "PHI"]
[BlackCountry "NED"]
[WhiteElo "1571"]
[WhiteRD "71"]
[BlackElo "1474"]
[BlackRD "70"]
[GameID "89502"]

1. e4 e5 2. Nf3 Nf6 3. Bc4 Ng4 4. O-O Nc6 5. a3 d6 6. d3 Nd4 7. c3 Nxf3+ 8. Qxf3 Nf6 9. Bg5 Be7 10. h3 h6
11. Bxf6 Bxf6 12. Nd2 a6 13. Qh5
1-0

[Event "Kramniks Defense Pt. 1 "]
[Site "SchemingMind.com"]
[Date "2007.01.30"]
[Round "-"]
[White "tacticrules"]
[Black "cdevos"]
[Result "1-0"]
[WhiteCountry "GER"]
[BlackCountry "NED"]
[WhiteElo "1573"]
[WhiteRD "53"]
[BlackElo "1563"]
[BlackRD "74"]
[GameID "89503"]

1. e4 e5 2. Nf3 Nf6 3. Nxe5 Nxe4 4. Qe2 d5 5. d3 Bd6 6. Nf3 O-O 7. dxe4 Qe7 8. e5 Bb4+ 9. c3 Qc5 10. Be3 Qc4
11. Qxc4 dxc4 12. cxb4 Be6 13. Na3 Nc6 14. Bxc4 Bxc4 15. Nxc4 Nxb4 16. O-O g6 17. a3 Nd3 18. Rad1 Rad8 19. Rd2 b5 20. Na5 h6
21. Rfd1
1-0

[Event "Kramniks Defense Pt. 1 "]
[Site "SchemingMind.com"]
[Date "2007.02.01"]
[Round "-"]
[White "dumix"]
[Black "cdevos"]
[Result "1-0"]
[WhiteCountry "INT"]
[BlackCountry "NED"]
[WhiteElo "1990"]
[WhiteRD "104"]
[BlackElo "1563"]
[BlackRD "74"]
[GameID "89504"]

1. e4 e5 2. Nf3 Nf6 3. Nxe5 Qe7 4. d4 Nc6 5. Nxc6 Qxe4+ 6. Be2 Qxg2 7. Bf3 Qh3 8. Qe2+ Qe6 9. Qxe6+ dxe6 10. Nc3 Bd7
11. Na5 Bb4 12. Nxb7 Rb8 13. a3 Bxc3+ 14. bxc3 Ba4 15. Nc5 Bxc2 16. Bf4 O-O 17. Bxc7 Rb1+ 18. Rxb1 Bxb1 19. c4 Re8 20. Kd2 Ba2
21. Kc3 Rc8 22. Be5 Rc6 23. Bxc6
1-0

[Event "Kramniks Defense Pt. 1 "]
[Site "SchemingMind.com"]
[Date "2007.01.30"]
[Round "-"]
[White "Adunatos"]
[Black "cdevos"]
[Result "1-0"]
[WhiteCountry "NED"]
[BlackCountry "NED"]
[WhiteElo "2189"]
[WhiteRD "69"]
[BlackElo "1563"]
[BlackRD "74"]
[GameID "89505"]

1. e4 e5 2. Nf3 Nf6 3. Nxe5 Qe7 4. d4 Nxe4 5. Bd3 Nc5 6. O-O d6 7. Nxf7 Ne6 8. Nxh8 Nxd4 9. Re1 Ne6 10. Bxh7 g5
11. Bf5 Kd8 12. Qh5 Ng7 13. Nf7+ Ke8 14. Rxe7+ Bxe7 15. Nxd6+ Kf8 16. Qf7#
1-0